[Event "PRVA LIGA CENTRALNE SRBIJE 2018."]
[Site "Kragujevac,hotel Sumarice"]
[Date "2018.09.20"]
[Round "9.6"]
[White "Ostojic, Nikola"]
[Black "Sandic, Vladeta"]
[Result "1/2-1/2"]
[WhiteElo "2441"]
[BlackElo "2324"]
[PlyCount "126"]
[EventDate "2018.09.14"]
[WhiteTeam "Vladimirci"]
[BlackTeam "Krusik Valjevo"]

1. Nf3 Nf6 2. g3 d5 3. Bg2 c6 4. d3 Bg4 5. Nbd2 Nbd7 6. h3 Bxf3 7. Nxf3 e6 8.
O-O Bc5 9. e3 O-O 10. Qe2 Qc7 11. Kh2 Rfe8 12. e4 dxe4 13. dxe4 e5 14. a4 Rad8
15. Nd2 Nf8 16. Nb3 Be7 17. Be3 c5 18. c3 Ne6 19. f3 Rd7 20. Nd2 Red8 21. Rfd1
Ne8 22. h4 Qc6 23. Bf1 N8c7 24. Rdc1 b6 25. Nc4 Bf6 26. Qf2 Qb7 27. Rc2 Qc6 28.
Bg2 Ne8 29. Bf1 N8c7 30. b3 Qb7 31. Rca2 Qc6 32. Rc1 Qb7 33. Rcc2 Qc6 34. Bh3
Qb7 35. Bg2 Ne8 36. Bh3 N8c7 37. Bd2 Qc6 38. Bg2 Ne8 39. Ne3 N6c7 40. Bh3 Rd3
41. Qe2 g6 42. Nc4 Ne6 43. Qf2 N8c7 44. Bg2 Qe8 45. Ne3 Bg7 46. Bf1 R3d7 47.
Bc4 Kh8 48. Qe2 Qf8 49. a5 f5 50. axb6 axb6 51. Bxe6 Nxe6 52. Nd5 Rb8 53. Be1
Nc7 54. c4 Ne6 55. Bc3 Rf7 56. Kg2 fxe4 57. fxe4 Nd4 58. Bxd4 exd4 59. Qd3 Qd6
60. Rf2 Rxf2+ 61. Kxf2 Be5 62. Ra7 Rg8 63. Kg2 Rf8 1/2-1/2

[Event "PRVA LIGA CENTRALNE SRBIJE 2018."]
[Site "Kragujevac,hotel Sumarice"]
[Date "2018.09.20"]
[Round "9.6"]
[White "Zivkovic, Dejan"]
[Black "Nestorovic, Lazar"]
[Result "0-1"]
[WhiteElo "2290"]
[BlackElo "2353"]
[PlyCount "98"]
[EventDate "2018.09.14"]
[WhiteTeam "Krusik Valjevo"]
[BlackTeam "Vladimirci"]

1. d4 Nf6 2. Nf3 b6 3. g3 Bb7 4. Bg2 g6 5. O-O Bg7 6. c4 O-O 7. Nc3 d6 8. Qc2
Nbd7 9. e4 e5 10. d5 Kh8 11. Bd2 a5 12. a3 a4 13. Rac1 Nc5 14. Be3 Nfd7 15. Bh3
c6 16. Rcd1 cxd5 17. Nxd5 Bc6 18. Rfe1 Qb8 19. Nd2 Ne6 20. Nb4 Bb7 21. Nb1 Ndc5
22. Nc3 Nd4 23. Bxd4 exd4 24. Ncd5 Ra5 25. f3 b5 26. cxb5 Rxb5 27. Bf1 Ra5 28.
Qf2 f5 29. exf5 Rxf5 30. Rxd4 Rxf3 31. Qxf3 Bxd4+ 32. Kh1 Ra7 33. Bg2 Ba8 34.
h4 Bxb2 35. h5 gxh5 36. Qxh5 Be5 37. g4 Rg7 38. Ne3 Bxg2+ 39. Kxg2 Qb7+ 40.
Ned5 Qd7 41. Ne3 Qb7+ 42. Ned5 Nd3 43. Rf1 Nf4+ 44. Rxf4 Bxf4 45. Qe8+ Rg8 46.
Qe6 Be5 47. Nd3 Rf8 48. Nxe5 Qb2+ 49. Kg3 Qxe5+ 0-1

[Event "PRVA LIGA CENTRALNE SRBIJE 2018."]
[Site "Kragujevac,hotel Sumarice"]
[Date "2018.09.20"]
[Round "9.6"]
[White "Blesic, Vaso"]
[Black "Zivanovic, Bojan"]
[Result "1-0"]
[WhiteElo "2373"]
[BlackElo "2093"]
[PlyCount "57"]
[EventDate "2018.09.14"]
[WhiteTeam "Vladimirci"]
[BlackTeam "Krusik Valjevo"]

1. d4 Nf6 2. Nf3 e6 3. c4 c5 4. Nc3 b6 5. e4 Bb7 6. d5 exd5 7. cxd5 d6 8. Bb5+
Nfd7 9. e5 dxe5 10. Nxe5 Bd6 11. Nc6 Qc7 12. Nxb8 Rxb8 13. Qg4 Rg8 14. O-O Kd8
15. Qh4+ Be7 16. Bg5 Bxg5 17. Qxg5+ f6 18. Qh5 Ne5 19. f4 Qf7 20. Qxh7 Ng6 21.
Bd3 Nf8 22. Qe4 a6 23. Rfe1 Nd7 24. Qe6 Rf8 25. Qd6 Rc8 26. Re6 c4 27. Bf5 Rc7
28. Rae1 Bc8 29. Bg6 1-0